| 000 | 02174nam a2200289Ia 4500 | ||
|---|---|---|---|
| 999 |
_c53164 _d53164 |
||
| 001 | 20203 | ||
| 003 | GE_BSU | ||
| 005 | 20200607234948.0 | ||
| 008 | 181216s2017||||ge |||||||||||||| ||geo|| | ||
| 020 | _a9789941229152 | ||
| 040 | _cGE_BSU | ||
| 041 | _ageo | ||
| 080 | _a745/749(31):72(31) დ-34 | ||
| 100 |
_aდემურიშვილი, ნათია _98319 |
||
| 245 |
_aძველი ჩინეთის ხელოვნება : _bსახვითი და დეკორატიულ-გამოყენებითი ხელოვნება, არქიტექტურა / _cნათია დემურიშვილი ; ჩინური ტექსტი, ტერმინები და ტრანსკრიპციები ნორა გამყრელიძე ; სამეცნიერო რედაქტორი მარინა დგებუაძე. |
||
| 264 |
_aთბილისი : _bუნივერსალი, _c2017. |
||
| 300 | _a132 გვ. : ფოტ. ; 29 სმ. | ||
| 500 | _aგარეკანზე : ლარნაკი, ფაიფური, კობალტი, ჩინეთი – XIV-XV სს. | ||
| 504 | _aბიბლიოგრ. : გვ. 123-131 | ||
| 546 | _aგარეკანი და თავფურცელი აგრეთვე ჩინურ ენაზე | ||
| 653 | _aძველი ჩინეთის ხელოვნება | ||
| 653 | _aხელოვნება | ||
| 700 |
_dგამყრელიძე, ნორა _eჩინური ტექსტი, ტერმინები და ტრანსკრიპციები _98320 |
||
| 700 |
_aდგებუაძე, მარინა _eსამეცნიერო რედაქტორი _98321 |
||
| 710 |
_aწიგნი გამოიცა საქართველოს ეროვნული მუზეუმის და საქართველოში ჩინეთის სახალხო რესპუბლიკის საელჩოს მიერ _98322 |
||
| 942 |
_cBK _2udc |
||